000
00310nam a22001217a 4500
005
20230814085040.0
008
230814b |||||||| |||| 00| 0 eng d
040
_a
Loreto college
082
_a
305.4
_b
BAN
245
_a
Mapping the field
_b
gender relations in contemporary India
850
_a
LCLIB
942
_c
BK
999
_c
43409
_d
93888